[Event "C'est un classique"]
[Site "chess.com"]
[Date "2020.05.31"]
[Round "4.3"]
[White "Jacquet, Stephane"]
[Black "Turcotte, Jonathan"]
[Result "0-1"]
[WhiteElo "1682"]
[BlackElo "1982"]
[PlyCount "86"]
[EventDate "2020.05.04"]
[EventType "swiss"]
[EventRounds "5"]
[EventCountry "CAN"]

1. d4 d5 2. c4 c6 3. Nc3 Nf6 4. Nf3 e6 5. cxd5 exd5 6. Qc2 g6 7. Bg5 Be7 8. e3
Bf5 9. Bd3 Bxd3 10. Qxd3 Nbd7 11. Bh6 Ng4 12. Bf4 O-O 13. h3 Ngf6 14. g4 Bb4
15. Kf1 Re8 16. Ne2 a5 17. h4 Nxg4 18. h5 Ngf6 19. hxg6 fxg6 20. Ng3 Ne4 21.
Nxe4 dxe4 22. Qc4+ Kg7 23. Qc2 Nf6 24. Qc4 Nd7 25. Bh6+ Kh8 26. Qf7 Qf6 27.
Qxd7 Re7 28. Qg4 Qxf3 29. Qxf3 exf3 30. Rh3 Rf7 31. a3 Be7 32. Bf4 Raf8 33. Ke1
Bf6 34. Bd6 Rd8 35. Bc5 Bg7 36. Kd2 Rf5 37. Kc2 Rd7 38. e4 Rf4 39. e5 Bxe5 40.
dxe5 Rc4+ 41. Kb3 Rxc5 42. Rxf3 Rxe5 43. Rg1 Re2 0-1

[Event "C'est un classique"]
[Site "chess.com"]
[Date "2020.05.31"]
[Round "4.5"]
[White "Varro, Daniel"]
[Black "Mallais, Daniel"]
[Result "1-0"]
[WhiteElo "1764"]
[BlackElo "1901"]
[PlyCount "60"]
[EventDate "2020.05.04"]
[EventType "swiss"]
[EventRounds "5"]
[EventCountry "CAN"]

1. d4 d5 2. Bf4 Nf6 3. e3 e6 4. Nd2 Bd6 5. Bxd6 Qxd6 6. f4 b6 7. c3 c5 8. Bd3
O-O 9. Qe2 a5 10. Ngf3 Ba6 11. Bxa6 Nxa6 12. Ne5 Nd7 13. O-O f6 14. Nef3 e5 15.
dxe5 fxe5 16. e4 Rxf4 17. exd5 Qxd5 18. g3 Rf6 19. Ne4 Rg6 20. Rad1 Qc6 21.
Qc4+ Kh8 22. Nfg5 h6 23. Nf7+ Kh7 24. Rd6 Rxd6 25. Nfxd6 Nc7 26. Rf7 Rg8 27.
Qf1 Rd8 28. Rxg7+ Kxg7 29. Qf7+ Kh8 30. Qg6 Rf8 1-0

[Event "C'est un classique"]
[Site "chess.com"]
[Date "2020.05.31"]
[Round "4.7"]
[White "Guillemette, Hugo"]
[Black "Bilodeau-Savaria, Carl-William"]
[Result "0-1"]
[WhiteElo "1750"]
[BlackElo "1645"]
[PlyCount "130"]
[EventDate "2020.05.04"]
[EventType "swiss"]
[EventRounds "5"]
[EventCountry "CAN"]

1. e4 c5 2. Nf3 d6 3. Bb5+ Bd7 4. Bxd7+ Qxd7 5. c4 Nf6 6. Nc3 g6 7. d4 cxd4 8.
Nxd4 Bg7 9. f3 O-O 10. Be3 Nc6 11. O-O Rac8 12. b3 Rfd8 13. Nde2 e6 14. Rc1 b6
15. Qd2 Ne7 16. Rfd1 d5 17. cxd5 exd5 18. e5 Ne8 19. f4 f6 20. Bd4 Nc6 21. Qe3
Qe6 22. exf6 Qxe3+ 23. Bxe3 Nxf6 24. h3 Re8 25. Bf2 Rcd8 26. Nd4 Nxd4 27. Bxd4
Nh5 28. Bxg7 Kxg7 29. Nxd5 Rf8 30. Rc7+ Rf7 31. Rxf7+ Kxf7 32. Rd3 a5 33. g4
Nf6 34. Nb4 Rc8 35. g5 axb4 36. gxf6 Rc1+ 37. Kg2 Rc2+ 38. Kg3 Rc3 39. Rf3 Kxf6
40. Kg2 Kf5 41. Rf2 Ke4 42. Rd2 Rd3 43. Rf2 Ke3 44. Kg3 Rd2 45. Rf3+ Kd4 46.
Kg4 Rg2+ 47. Kh4 Rxa2 48. Kg5 Rg2+ 49. Kh6 Ke4 50. Rf1 Rg3 51. Kxh7 Kf5 52. h4
Rxb3 53. Rg1 Rh3 54. Rg5+ Kxf4 55. Rb5 Rxh4+ 56. Kxg6 Ke3 57. Kg5 Rc4 58. Rxb6
Kd2 59. Kf5 Kc2 60. Ke5 b3 61. Kd5 Rc8 62. Rh6 b2 63. Rh2+ Kb3 64. Rh3+ Ka2 65.
Rh2 Ka1 0-1

[Event "C'est un classique"]
[Site "chess.com"]
[Date "2020.05.31"]
[Round "4.8"]
[White "Lynch, Jonathan"]
[Black "Pelletier, Arnaud"]
[Result "1/2-1/2"]
[WhiteElo "1653"]
[BlackElo "1689"]
[PlyCount "106"]
[EventDate "2020.05.04"]
[EventType "swiss"]
[EventRounds "5"]
[EventCountry "CAN"]

1. d4 d5 2. Bf4 Nf6 3. e3 c5 4. c3 e6 5. Nf3 Bd6 6. Bg3 O-O 7. Bd3 b6 8. Nbd2
Ba6 9. Bxa6 Nxa6 10. Ne5 cxd4 11. exd4 Bxe5 12. dxe5 Nd7 13. f4 Nac5 14. Qf3 f5
15. a4 Ne4 16. Nb3 Ndc5 17. Nd4 Qd7 18. b4 Nb7 19. b5 Na5 20. Rd1 Rac8 21. Rd3
Rc4 22. O-O Rxa4 23. Rb1 Rc8 24. Be1 Rac4 25. Rb4 Rxb4 26. cxb4 Nc4 27. g4 g6
28. h4 Kf7 29. gxf5 gxf5 30. Qh5+ Kg8 31. Qh6 Re8 32. Kh2 Re7 33. h5 Nb2 34.
Ra3 Nd1 35. Nc6 Qe8 36. Bh4 Rg7 37. Rxa7 Rxa7 38. Nxa7 Ndc3 39. Nc6 Qf8 40.
Qxe6+ Qf7 41. Ne7+ Kf8 42. Qc8+ Qe8 43. Qxf5+ Qf7 44. Qc8+ Qe8 45. Qe6 Qf7 46.
Qh6+ Qg7 47. Qxb6 Nd2 48. Qd8+ Kf7 49. Nxd5 Nf3+ 50. Kh3 Ng1+ 51. Kh2 Nf3+ 52.
Kh3 Ng1+ 53. Kh2 Nf3+ 1/2-1/2

[Event "C'est un classique"]
[Site "chess.com"]
[Date "2020.06.07"]
[Round "5.1"]
[White "Turcotte, Jonathan"]
[Black "Pomerantz, Dan"]
[Result "1/2-1/2"]
[WhiteElo "1991"]
[BlackElo "2202"]
[PlyCount "147"]
[EventDate "2020.05.04"]
[EventType "swiss"]
[EventRounds "5"]
[EventCountry "CAN"]

1. d4 Nf6 2. c4 e6 3. Nf3 Bb4+ 4. Bd2 a5 5. a3 Bxd2+ 6. Qxd2 d6 7. Nc3 O-O 8.
g3 Qe7 9. Bg2 e5 10. O-O Nc6 11. d5 Nb8 12. e4 a4 13. Ne1 Nbd7 14. Nd3 Nb6 15.
Qc2 Nxc4 16. Nxa4 b5 17. Nc3 Bd7 18. a4 bxa4 19. Nxa4 Nb6 20. Nxb6 cxb6 21. Qc7
Rab8 22. Nb4 Rfc8 23. Qa7 Qd8 24. Rfc1 Ra8 25. Rxc8 Rxc8 26. Qb7 Qc7 27. Qxc7
Rxc7 28. f4 g6 29. fxe5 dxe5 30. Nd3 Ng4 31. Ra8+ Kg7 32. Bh3 Nf6 33. Bxd7 Nxd7
34. Rd8 Kf6 35. d6 Rb7 36. Re8 Rb8 37. Re7 Rd8 38. Nb4 Nc5 39. Nd5+ Kg7 40. b4
Nxe4 41. d7 Kf8 42. Rxe5 Rxd7 43. Nxb6 Rb7 44. Rxe4 Rxb6 45. Kf2 f5 46. Rd4 Ke7
47. Ke3 Ke6 48. Kd3 Ke5 49. Rc4 Rb5 50. Kc3 g5 51. Rc7 h5 52. Kc4 Rb8 53. Re7+
Kf6 54. Rh7 Kg6 55. Ra7 h4 56. gxh4 gxh4 57. b5 Kg5 58. Kc5 Kg4 59. Rf7 f4 60.
b6 Kf3 61. Rh7 Kg4 62. b7 Kh3 63. Kc6 f3 64. Kc7 Rxb7+ 65. Kxb7 f2 66. Rf7 Kg2
67. Kc6 f1=Q 68. Rxf1 Kxf1 69. Kd5 Kg2 70. Ke4 Kxh2 71. Kf3 h3 72. Kf2 Kh1 73.
Kf1 h2 74. Kf2 1/2-1/2

[Event "C'est un classique"]
[Site "chess.com"]
[Date "2020.06.07"]
[Round "5.2"]
[White "Allard, Laurent"]
[Black "Latorre, Vincent"]
[Result "1-0"]
[WhiteElo "2214"]
[BlackElo "1975"]
[PlyCount "91"]
[EventDate "2020.05.04"]
[EventType "swiss"]
[EventRounds "5"]
[EventCountry "CAN"]

1. e4 e5 2. Nf3 Nc6 3. d4 exd4 4. Nxd4 Bc5 5. Nb3 Bb6 6. Nc3 d6 7. Qe2 Be6 8.
Be3 Qe7 9. O-O-O Nf6 10. Bxb6 axb6 11. Kb1 O-O 12. g3 Ne5 13. Bg2 Bc4 14. Qd2
Rfd8 15. f4 Ned7 16. Rhe1 Nc5 17. Qd4 Bxb3 18. cxb3 Ne6 19. Qb4 Nc5 20. Qc4 c6
21. b4 b5 22. Qe2 Ne6 23. Rd3 Qc7 24. Qd2 Ne8 25. a3 Nf8 26. Rd1 Nd7 27. e5 Nb6
28. exd6 Rxd6 29. Rxd6 Nc4 30. Qd4 Ncxd6 31. g4 Qe7 32. g5 Qe6 33. Bf1 Nc4 34.
Bxc4 Qxc4 35. Qxc4 bxc4 36. Rd7 b5 37. Ne2 Rc8 38. Nd4 c5 39. Nxb5 Rb8 40. Nc7
cxb4 41. axb4 Kf8 42. Nd5 g6 43. Kc2 Rc8 44. b5 Ng7 45. b6 Ne6 46. Kc3 1-0

[Event "C'est un classique"]
[Site "chess.com"]
[Date "2020.06.07"]
[Round "5.3"]
[White "Adam, Rafael"]
[Black "Varro, Daniel"]
[Result "1-0"]
[WhiteElo "1910"]
[BlackElo "1764"]
[PlyCount "63"]
[EventDate "2020.05.04"]
[EventType "swiss"]
[EventRounds "5"]
[EventCountry "CAN"]

1. d4 d5 2. c4 c6 3. Nf3 Nf6 4. e3 a6 5. Nbd2 Bf5 6. Nh4 Be4 7. Qb3 Ra7 8. Nxe4
Nxe4 9. Nf3 e6 10. a3 Be7 11. Bd3 f5 12. Qc2 O-O 13. O-O b5 14. b3 Nd7 15. Bb2
g5 16. cxd5 cxd5 17. Rac1 g4 18. Ne5 Nxe5 19. dxe5 Ra8 20. Qc6 Kf7 21. f3 gxf3
22. gxf3 Nd2 23. Bxf5 exf5 24. e6+ Kg8 25. Rf2 Bf6 26. Qb7 Bxb2 27. e7 Nxf3+
28. Rxf3 Qd6 29. exf8=Q+ Rxf8 30. Rc7 Qh6 31. Kh1 Be5 32. Qxd5+ 1-0

[Event "C'est un classique"]
[Site "chess.com"]
[Date "2020.06.07"]
[Round "5.4"]
[White "Trahan, Daniel"]
[Black "Wang, Rachel"]
[Result "1/2-1/2"]
[WhiteElo "2073"]
[BlackElo "1813"]
[PlyCount "128"]
[EventDate "2020.05.04"]
[EventType "swiss"]
[EventRounds "5"]
[EventCountry "CAN"]

1. d4 d5 2. c4 dxc4 3. Nf3 Nf6 4. e3 e6 5. Bxc4 c5 6. O-O Nc6 7. Qe2 cxd4 8.
Rd1 Be7 9. exd4 O-O 10. Nc3 Nb4 11. Ne5 a6 12. Bb3 Qc7 13. Bf4 Bd6 14. Rac1 Qb8
15. Bg3 Nbd5 16. Qf3 Nxc3 17. bxc3 b5 18. Bc2 Bb7 19. Qe3 Qc7 20. Bh4 Nd5 21.
Qd3 g6 22. Bg3 Qxc3 23. Qe2 Qa3 24. Qg4 Kg7 25. h4 f5 26. Qg5 Be7 27. Qd2 Nc3
28. Re1 Nxa2 29. Ra1 Bb4 30. Qg5 Bxe1 31. Rxe1 Bd5 32. Bf4 Ra7 33. h5 Qe7 34.
Qh6+ Kg8 35. hxg6 hxg6 36. Nxg6 Qg7 37. Qxg7+ Kxg7 38. Nxf8 Kxf8 39. Re3 Ke7
40. Bxf5 Kd7 41. Be4 Bxe4 42. Rxe4 Nc3 43. Re3 Nd5 44. Rh3 Rb7 45. Bc1 b4 46.
Kf1 Nc3 47. Ke1 a5 48. Kd2 Ne4+ 49. Ke3 Nd6 50. g4 b3 51. Rh7+ Kc6 52. Rxb7
Kxb7 53. Kd3 Kc6 54. Kc3 Ne4+ 55. Kxb3 Nxf2 56. g5 Kd7 57. Ka4 Ke7 58. Kxa5 Kf7
59. Kb5 Ne4 60. Kc6 Kg6 61. Kd7 Ng3 62. Kxe6 Ne2 63. Be3 Nxd4+ 64. Bxd4 Kxg5
1/2-1/2

[Event "C'est un classique"]
[Site "chess.com"]
[Date "2020.06.07"]
[Round "5.5"]
[White "Bilodeau-Savaria, Carl-William"]
[Black "Jacquet, Stephane"]
[Result "1-0"]
[WhiteElo "1645"]
[BlackElo "2002"]
[PlyCount "49"]
[EventDate "2020.05.04"]
[EventType "swiss"]
[EventRounds "5"]
[EventCountry "CAN"]

1. d4 c5 2. d5 Nf6 3. Nc3 g6 4. e4 Bg7 5. e5 Ng8 6. Nf3 a6 7. d6 e6 8. Bg5 f6
9. exf6 Bxf6 10. Ne4 Bxg5 11. Nfxg5 h6 12. Nf3 Nf6 13. Bd3 c4 14. Nxf6+ Qxf6
15. Be4 Nc6 16. O-O b5 17. Bxc6 dxc6 18. Re1 O-O 19. d7 Bb7 20. Qd6 c5 21. Rxe6
Qxb2 22. Rxg6+ Kh7 23. Rxh6+ Kg8 24. Qe6+ Rf7 25. Rd1 1-0

[Event "C'est un classique"]
[Site "chess.com"]
[Date "2020.06.07"]
[Round "5.7"]
[White "Mallais, Daniel"]
[Black "Dube, Daniel"]
[Result "1-0"]
[WhiteElo "1901"]
[BlackElo "1737"]
[PlyCount "76"]
[EventDate "2020.05.04"]
[EventType "swiss"]
[EventRounds "5"]
[EventCountry "CAN"]

1. d4 d5 2. Bf4 e6 3. e3 Nf6 4. Bd3 Bd6 5. Bg3 c5 6. c3 Nc6 7. Nf3 Qc7 8. Nbd2
Bxg3 9. hxg3 e5 10. Nxe5 Nxe5 11. dxe5 Qxe5 12. Nf3 Qe7 13. Qc2 Ne4 14. Rh5 f5
15. c4 g6 16. Rh4 g5 17. Rh5 dxc4 18. Bxe4 Qxe4 19. Qxe4+ fxe4 20. Nd2 h6 21.
Nxe4 b6 22. Nd6+ Ke7 23. Nxc4 Bg4 24. Rh1 Be6 25. Ne5 Kf6 26. f4 gxf4 27. gxf4
Rag8 28. Kf2 Bd5 29. Rhg1 Rg7 30. b3 h5 31. Rad1 Ke6 32. Nf3 Rf8 33. Rd2 Bxf3
34. Kxf3 h4 35. Rgd1 Rg3+ 36. Ke4 Rfg8 37. Rd7 Rxe3+ 38. Kxe3 Rxg2 1-0

[Event "C'est un classique"]
[Site "chess.com"]
[Date "2020.06.07"]
[Round "5.8"]
[White "Morin, Louis"]
[Black "Guillemette, Hugo"]
[Result "1/2-1/2"]
[WhiteElo "1883"]
[BlackElo "1750"]
[PlyCount "85"]
[EventDate "2020.05.04"]
[EventType "swiss"]
[EventRounds "5"]
[EventCountry "CAN"]

1. e4 e5 2. Nf3 Nc6 3. Bc4 Nf6 4. Ng5 d5 5. exd5 Na5 6. Bb5+ Bd7 7. Qe2 Be7 8.
Nc3 O-O 9. O-O Nxd5 10. Nxd5 Bxg5 11. Bxd7 Qxd7 12. Qxe5 f6 13. Nxf6+ Bxf6 14.
Qxa5 Rae8 15. a4 Bd4 16. d3 Re2 17. Be3 Rxc2 18. Qb5 Qxb5 19. axb5 Bxe3 20.
fxe3 Rxf1+ 21. Kxf1 Rxb2 22. Rxa7 Rxb5 23. Kf2 Kf7 24. e4 c5 25. Ke3 Rb3 26.
Kd2 Kf6 27. Kc2 Rb4 28. Kc3 g5 29. d4 Rxd4 30. Rxb7 h5 31. Rc7 Rxe4 32. Rxc5
Re2 33. h4 Rxg2 34. Rxg5 Rxg5 35. hxg5+ Kxg5 36. Kd2 Kh4 37. Ke1 Kg3 38. Kf1
Kh2 39. Kf2 h4 40. Kf1 h3 41. Kf2 Kh1 42. Kf1 h2 43. Kf2 1/2-1/2

[Event "C'est un classique III-A"]
[Site "chess.com"]
[Date "2020.11.15"]
[Round "1.1"]
[White "Tanaka, Tyler"]
[Black "Morin, Louis"]
[Result "1-0"]
[WhiteElo "2250"]
[BlackElo "1871"]
[PlyCount "123"]
[EventDate "2020.11.15"]
[EventType "swiss"]
[EventRounds "5"]
[EventCountry "CAN"]

1. Nf3 d5 2. g3 c5 3. Bg2 Nc6 4. d4 Nf6 5. O-O cxd4 6. Nxd4 e5 7. Nxc6 bxc6 8.
c4 Be6 9. Nc3 Qd7 10. Qa4 Be7 11. cxd5 cxd5 12. Qxd7+ Kxd7 13. Rd1 Rad8 14.
Nxd5 Nxd5 15. Bxd5 Bxd5 16. Rxd5+ Ke6 17. Rxd8 Rxd8 18. Be3 Rc8 19. Bxa7 Rc2
20. e4 Rxb2 21. a4 Rc2 22. a5 Bc5 23. Bxc5 Rxc5 24. a6 Rc8 25. a7 Ra8 26. Kf1
Kd6 27. Ke2 Kc6 28. Kd3 Kb7 29. Kc4 Rc8+ 30. Kd5 Ka8 31. Kxe5 Rc2 32. f3 Rxh2
33. Rd1 Rh5+ 34. Kf4 Kxa7 35. Rd7+ Kb6 36. Rxf7 g6 37. Rd7 Kc6 38. Rd3 Ra5 39.
Kg4 Re5 40. Rd4 Re7 41. f4 Kc5 42. Rd5+ Kc6 43. Kf3 Ra7 44. Rd3 Re7 45. e5 Kc5
46. Kg4 h6 47. Rd6 Rg7 48. Kf3 h5 49. g4 h4 50. g5 h3 51. Kg3 Rh7 52. Rd2 Kc6
53. Rh2 Kd5 54. Rxh3 Rg7 55. Kg4 Ke4 56. Rh1 Rf7 57. Re1+ Kd5 58. e6 Re7 59. f5
gxf5+ 60. Kxf5 Re8 61. e7 Kd6 62. Kf6 1-0

[Event "C'est un classique III-A"]
[Site "chess.com"]
[Date "2020.11.15"]
[Round "1.2"]
[White "Varro, Daniel"]
[Black "Allard, Laurent"]
[Result "1-0"]
[WhiteElo "1831"]
[BlackElo "2165"]
[PlyCount "121"]
[EventDate "2020.11.15"]
[EventType "swiss"]
[EventRounds "5"]
[EventCountry "CAN"]

1. c4 Nf6 2. Nc3 g6 3. g3 Bg7 4. Bg2 O-O 5. e4 d6 6. Nge2 c5 7. O-O Nc6 8. d3
Rb8 9. h3 a6 10. a4 Ne8 11. Be3 e5 12. f4 Bh6 13. Qd2 f6 14. f5 Bxe3+ 15. Qxe3
g5 16. Qf3 Nd4 17. Nxd4 exd4 18. Nd5 Nc7 19. Nb6 Na8 20. Nxa8 Rxa8 21. h4 gxh4
22. Qg4+ Kh8 23. Qxh4 Rb8 24. Bf3 Qe7 25. Rf2 b5 26. axb5 axb5 27. b3 bxc4 28.
bxc4 Bd7 29. Ra7 Rb3 30. Rd2 Rg8 31. Kf2 Rg5 32. Qf4 Rb6 33. Bd1 Qd8 34. Rda2
Bc6 35. Ba4 Bb7 36. Bb5 Qf8 37. Qh4 h5 38. Kg2 Qh6 39. Kh2 Rg4 40. Qh3 Qg5 41.
Rg2 Kg8 42. Raa2 Kg7 43. Qh4 Qxh4+ 44. gxh4 Kh6 45. Rxg4 hxg4 46. Kg3 Kh5 47.
Ra7 Kh6 48. Kxg4 d5 49. exd5 Bxd5 50. cxd5 Rxb5 51. Kf4 Rb1 52. Ra6 Rf1+ 53.
Kg4 Rg1+ 54. Kf4 Rf1+ 55. Kg4 Rg1+ 56. Kh3 Kg7 57. Rc6 Rc1 58. d6 Kf7 59. Rc7+
Ke8 60. Kg4 Rc3 61. h5 1-0

[Event "C'est un classique III-A"]
[Site "chess.com"]
[Date "2020.11.15"]
[Round "1.3"]
[White "Pomerantz, Daniel"]
[Black "Bilodeau-Savaria, Carl-William"]
[Result "1-0"]
[WhiteElo "2164"]
[BlackElo "1766"]
[PlyCount "54"]
[EventDate "2020.11.15"]
[EventType "swiss"]
[EventRounds "5"]
[EventCountry "CAN"]

1. e4 c5 2. Nf3 d6 3. d4 cxd4 4. Nxd4 Nf6 5. Nc3 a6 6. Be3 e5 7. Nf3 Be7 8. Bc4
Nbd7 9. O-O O-O 10. a4 Qc7 11. Bb3 b6 12. Bg5 Bb7 13. Rc1 Rae8 14. Bxf6 Nxf6
15. Nd5 Nxd5 16. Bxd5 Kh8 17. Qd3 Bc8 18. Nd2 Bg5 19. Rcd1 f5 20. exf5 Bxd2 21.
Rxd2 Rxf5 22. Be4 Rf4 23. Rfd1 Rf6 24. Bxh7 d5 25. Bg6 Ref8 26. Qg3 Rf4 27.
Rxd5 Rg4 1-0

[Event "C'est un classique III-A"]
[Site "chess.com"]
[Date "2020.11.15"]
[Round "1.4"]
[White "Laroche, Hugo"]
[Black "Latorre, Vincent"]
[Result "1/2-1/2"]
[WhiteElo "1738"]
[BlackElo "2071"]
[PlyCount "53"]
[EventDate "2020.11.15"]
[EventType "swiss"]
[EventRounds "5"]
[EventCountry "CAN"]

1. d4 Nf6 2. Bf4 d5 3. e3 c5 4. c3 Nc6 5. Nd2 Bf5 6. Ngf3 e6 7. Be2 Be7 8. h3
h6 9. O-O O-O 10. Re1 c4 11. Qc1 b5 12. a3 a5 13. Bd1 Ne4 14. Bc2 Nxd2 15. Qxd2
Bxc2 16. Qxc2 f5 17. b3 a4 18. bxc4 bxc4 19. Reb1 Na5 20. Ra2 Nb3 21. Ne5 Qe8
22. Bg3 Ra6 23. f3 Bg5 24. Re1 Qh5 25. Qd1 Rc8 26. Qc2 Rf8 27. Qd1 1/2-1/2

[Event "C'est un classique III-A"]
[Site "chess.com"]
[Date "2020.11.15"]
[Round "1.5"]
[White "Turcotte, Jonathan"]
[Black "Magner, Wilhelm"]
[Result "1-0"]
[WhiteElo "2035"]
[BlackElo "1725"]
[PlyCount "77"]
[EventDate "2020.11.15"]
[EventType "swiss"]
[EventRounds "5"]
[EventCountry "CAN"]

1. d4 d5 2. c4 e6 3. Nf3 Nf6 4. Nc3 Be7 5. Bg5 O-O 6. e3 Nbd7 7. Rc1 Re8 8. Bd3
dxc4 9. Bxc4 Nb6 10. Bd3 Nfd5 11. Bxe7 Qxe7 12. O-O Nxc3 13. Rxc3 Nd5 14. Rc1
b6 15. Bb5 Bd7 16. Bxd7 Qxd7 17. Ne5 Qe7 18. Qd2 c5 19. dxc5 bxc5 20. Rfd1 Rac8
21. e4 Nf6 22. f3 h6 23. b3 Red8 24. Nc6 Rxc6 25. Qxd8+ Qxd8 26. Rxd8+ Kh7 27.
Rc4 Ra6 28. a4 Rb6 29. Rd3 Ne8 30. Rxc5 Nd6 31. Rc7 Rb7 32. Rxb7 Nxb7 33. Rd7
Nc5 34. Rxf7 Nxb3 35. Rxa7 Kg6 36. a5 Kf6 37. a6 Nc5 38. Ra8 Ke5 39. a7 1-0

[Event "C'est un classique III-A"]
[Site "chess.com"]
[Date "2020.11.15"]
[Round "1.6"]
[White "Bilodeau-Savaria, Sandy-Rose"]
[Black "Have, Didier"]
[Result "0-1"]
[WhiteElo "1700"]
[BlackElo "1998"]
[PlyCount "62"]
[EventDate "2020.11.15"]
[EventType "swiss"]
[EventRounds "5"]
[EventCountry "CAN"]

1. d4 d5 2. c4 Nc6 3. Nf3 Bg4 4. e3 e5 5. cxd5 Qxd5 6. Be2 O-O-O 7. Nc3 Bb4 8.
a3 Bxc3+ 9. bxc3 Nf6 10. c4 Qd6 11. d5 Nb8 12. Bd2 c5 13. Bc3 Rde8 14. h3 Bf5
15. a4 Ne4 16. Bb2 Na6 17. Ba3 Qb6 18. O-O Nc3 19. Qd2 Nxe2+ 20. Qxe2 g5 21. e4
Bd7 22. Bb2 Qd6 23. Bxe5 Rxe5 24. Nxe5 Qxe5 25. Qe3 h5 26. Rfe1 h4 27. Ra3 g4
28. hxg4 Bxg4 29. f4 Qg7 30. Kf2 h3 31. g3 Qb2+ 0-1

[Event "C'est un classique III-A"]
[Site "chess.com"]
[Date "2020.11.15"]
[Round "1.8"]
[White "Dube, Daniel"]
[Black "Morin-Pare, Victor"]
[Result "0-1"]
[WhiteElo "1697"]
[BlackElo "1912"]
[PlyCount "50"]
[EventDate "2020.11.15"]
[EventType "swiss"]
[EventRounds "5"]
[EventCountry "CAN"]

1. e4 d6 2. d4 Nf6 3. Nc3 g6 4. Bg5 Bg7 5. e5 Nfd7 6. exd6 cxd6 7. Nf3 O-O 8.
Qd2 Nc6 9. O-O-O Qa5 10. Bh6 a6 11. Bxg7 Kxg7 12. h4 h5 13. Be2 Nf6 14. Ng5 b5
15. Kb1 Bf5 16. f3 Nb4 17. Bd3 Nfd5 18. a3 Bxd3 19. Nxd5 Bxc2+ 20. Ka1 Bxd1 21.
Rxd1 Nc6 22. Qe3 Qa4 23. Nb6 Qxd1+ 24. Ka2 Ra7 25. d5 Qd4 0-1

[Event "C'est un classique III-A"]
[Site "chess.com"]
[Date "2020.11.15"]
[Round "1.9"]
[White "Adam, Rafael"]
[Black "Brassard, Sylvain"]
[Result "1-0"]
[WhiteElo "1907"]
[BlackElo "1615"]
[PlyCount "101"]
[EventDate "2020.11.15"]
[EventType "swiss"]
[EventRounds "5"]
[EventCountry "CAN"]

1. d4 Nf6 2. c4 e6 3. Nc3 Bb4 4. Nf3 b6 5. g3 Bb7 6. Bg2 O-O 7. O-O Bxc3 8.
bxc3 d6 9. Re1 h6 10. Nd2 Bxg2 11. Kxg2 d5 12. Qc2 Nbd7 13. e4 Nxe4 14. Nxe4
dxe4 15. Qxe4 Nf6 16. Qf3 c5 17. Be3 cxd4 18. cxd4 Rc8 19. Rac1 Rc7 20. Bf4 Rd7
21. Be5 Qa8 22. Red1 Ng4 23. Bf4 g5 24. Be3 Qxf3+ 25. Kxf3 Nxh2+ 26. Ke2 Ng4
27. Rh1 Nxe3 28. fxe3 Kg7 29. Rh2 Rc7 30. Kd3 Rfc8 31. a4 f5 32. Re2 e5 33. d5
h5 34. Rh2 Kg6 35. Rb2 Rc5 36. Rb5 g4 37. Rxc5 Rxc5 38. Rf1 Kg5 39. e4 f4 40.
gxf4+ exf4 41. e5 f3 42. d6 Rc8 43. Ke4 Rxc4+ 44. Kd5 Rc8 45. d7 Rd8 46. e6 h4
47. Kd6 g3 48. e7 Rxd7+ 49. Kxd7 g2 50. Rg1 h3 51. e8=Q 1-0

[Event "C'est un classique III-A"]
[Site "chess.com"]
[Date "2020.11.22"]
[Round "2.1"]
[White "Landry, Sylvain"]
[Black "Tanaka, Tyler"]
[Result "0-1"]
[WhiteElo "1956"]
[BlackElo "2250"]
[PlyCount "74"]
[EventDate "2020.11.15"]
[EventType "swiss"]
[EventRounds "5"]
[EventCountry "CAN"]

1. e4 c5 2. Nf3 d6 3. d4 cxd4 4. Nxd4 Nf6 5. Nc3 g6 6. Be3 Bg7 7. f3 a6 8. Qd2
h5 9. Bc4 Nbd7 10. O-O-O b5 11. Bb3 Bb7 12. Rhe1 Rc8 13. Kb1 Ne5 14. f4 Nc4 15.
Bxc4 Rxc4 16. e5 Ne4 17. Nxe4 Bxe4 18. Bg1 d5 19. b3 Rc8 20. Qb4 Qc7 21. Re2 e6
22. Qd2 O-O 23. h3 Qc3 24. Re3 Qxd2 25. Rxd2 g5 26. g3 h4 27. Bh2 hxg3 28. Bxg3
gxf4 29. Bxf4 f6 30. Nxe6 fxe5 31. Nxf8 exf4 32. Rxe4 dxe4 33. Ng6 e3 34. Re2
Rd8 35. c4 f3 36. Rxe3 f2 37. Ne7+ Kh7 0-1

[Event "C'est un classique III-A"]
[Site "chess.com"]
[Date "2020.11.22"]
[Round "2.2"]
[White "Morin-Pare, Victor"]
[Black "Pomerantz, Daniel"]
[Result "0-1"]
[WhiteElo "1912"]
[BlackElo "2164"]
[PlyCount "100"]
[EventDate "2020.11.15"]
[EventType "swiss"]
[EventRounds "5"]
[EventCountry "CAN"]

1. d4 Nf6 2. Bf4 e6 3. Nc3 d5 4. e3 Bd6 5. Nf3 O-O 6. Bd3 Bxf4 7. exf4 c5 8.
dxc5 Qc7 9. g3 Qxc5 10. O-O Nc6 11. Re1 Bd7 12. Ne5 Be8 13. Qf3 Nb4 14. Rac1
Nxd3 15. cxd3 Qb4 16. Rc2 d4 17. Re4 Nxe4 18. Nxe4 f6 19. Nc4 Bc6 20. Qe2 Bd5
21. a3 Qe7 22. Qh5 Rad8 23. Qh4 Bxe4 24. dxe4 d3 25. Rd2 Qc5 26. Ne3 Qc1+ 27.
Nf1 Qe1 28. f5 e5 29. Qg4 Rd4 30. f3 Rc8 31. Qh5 Rdd8 32. Qh3 Rc2 33. Qg2 Rdc8
34. Qf2 Qxf2+ 35. Kxf2 Rxd2+ 36. Nxd2 Rc2 37. Ke3 Rxb2 38. Kxd3 Ra2 39. Nc4
Rxh2 40. f4 Rg2 41. fxe5 Rxg3+ 42. Kd4 fxe5+ 43. Kxe5 h5 44. Kf4 Rc3 45. Nd6 h4
46. e5 h3 47. e6 Kf8 48. f6 gxf6 49. Kf5 Ke7 50. Ne4 h2 0-1

[Event "C'est un classique III-A"]
[Site "chess.com"]
[Date "2020.11.22"]
[Round "2.3"]
[White "Picard, Christian"]
[Black "Turcotte, Jonathan"]
[Result "0-1"]
[WhiteElo "1605"]
[BlackElo "2035"]
[PlyCount "116"]
[EventDate "2020.11.15"]
[EventType "swiss"]
[EventRounds "5"]
[EventCountry "CAN"]

1. e4 c6 2. d4 d5 3. exd5 cxd5 4. Bd3 Nc6 5. c3 Qc7 6. h3 g6 7. Nf3 Bf5 8. O-O
Bxd3 9. Qxd3 Nf6 10. Bg5 Bg7 11. Nbd2 O-O 12. Rfe1 Rfe8 13. Ne5 e6 14. Bf4 Nh5
15. Bh2 Nxe5 16. Bxe5 Bxe5 17. Rxe5 Nf6 18. Qf3 Kg7 19. Ree1 b5 20. g4 a5 21.
h4 h6 22. Re5 b4 23. c4 dxc4 24. Rc5 Qd7 25. g5 hxg5 26. hxg5 Nh5 27. Rxc4 Rac8
28. Rac1 Rxc4 29. Rxc4 Rd8 30. Ne4 Qd5 31. Rc7 Qf5 32. Qxf5 gxf5 33. Nc5 Kg6
34. Nb7 Rd5 35. Rc5 Rxd4 36. Nxa5 Nf4 37. Rc4 Rd1+ 38. Kh2 Nd5 39. Nc6 Rd2 40.
Nxb4 Ne3 41. Rc3 Rxf2+ 42. Kg3 Rxb2 43. Rxe3 Rxb4 44. a3 Ra4 45. Kf2 Kxg5 46.
Rg3+ Kf6 47. Ke2 f4 48. Rb3 Kf5 49. Kf3 e5 50. Kf2 f6 51. Rc3 Kg4 52. Rb3 f5
53. Rc3 e4 54. Rb3 f3 55. Kf1 Kg3 56. Rc3 Ra8 57. Rc5 Rxa3 58. Ke1 e3 0-1

[Event "C'est un classique III-A"]
[Site "chess.com"]
[Date "2020.11.22"]
[Round "2.4"]
[White "Have, Didier"]
[Black "Adam, Rafael"]
[Result "0-1"]
[WhiteElo "1998"]
[BlackElo "1907"]
[PlyCount "126"]
[EventDate "2020.11.15"]
[EventType "swiss"]
[EventRounds "5"]
[EventCountry "CAN"]

1. d4 Nf6 2. Bf4 d5 3. e3 Bf5 4. c4 c6 5. Qb3 Qb6 6. c5 Qxb3 7. axb3 Nbd7 8.
Nc3 Nh5 9. Bg5 e5 10. Be2 Nhf6 11. Nf3 exd4 12. exd4 Be7 13. b4 O-O 14. b5 h6
15. Bh4 Rfe8 16. O-O g5 17. Bg3 Ne4 18. Rfe1 Nxg3 19. hxg3 Bf6 20. Bf1 Rxe1 21.
Rxe1 Nf8 22. Ne5 Re8 23. f4 Ng6 24. Ne2 cxb5 25. Nxg6 Bxg6 26. Kf2 Bd3 27. Rd1
Bxe2 28. Bxe2 Re4 29. fxg5 hxg5 30. Bxb5 Rxd4 31. Rxd4 Bxd4+ 32. Kf3 Bxc5 33.
Bd7 Kg7 34. Bc8 b5 35. Bb7 d4 36. Ba6 b4 37. b3 f5 38. g4 fxg4+ 39. Kxg4 Kf6
40. Kf3 Ke5 41. Bd3 Bb6 42. Kg4 Bd8 43. Kf3 a5 44. Kg4 Kd5 45. Kf3 Bc7 46. Kg4
Bd8 47. Kf3 a4 48. bxa4 b3 49. Ke2 Kc5 50. Kd2 Kb4 51. g4 Ka3 52. Kc1 Ka2 53.
Be4 b2+ 54. Kd2 b1=Q 55. Bxb1+ Kxb1 56. Kd3 Bb6 57. a5 Bxa5 58. Kxd4 Kc2 59.
Ke5 Kd3 60. Kf5 Bd2 61. Kg6 Ke4 62. Kh5 Kf4 63. Kg6 Kxg4 0-1